000 00881nam a2200241Ia 4500
003 OSt
005 20220923215008.0
006 a|||||r|||| 00| 0
007 ta
008 220922b |||||||| |||| 00| 0 hin d
024 _a174,675
037 _cTextual
040 _aARTS
_cARTS
_bhin
041 _2hin
_ahin
082 _aO152:gN5, L3
100 _aशर्मा, राम गोपाल, दिनेश, संपा.
245 0 _aस्वाधीनता कालीन हिन्दी साहित्य के जीवन मूल्य
246 _aSvādhīnatā kālīn hindī sāhitya ke jīvan mūlya
260 _c1973
650 _aहिन्दी साहित्य
_9156264
942 _hO152:gN5, L3
_cTEXL
_2CC
999 _c328379
_d328379